000 01199nam0a2200325 4500
001 RU\NLR\bibl\1130422
005 20260406080614.0
010 _a5-271-06884-6
_bАстрель
010 _a5-17-019779-9
_bАСТ
035 _a(NLR Aleph) 001117342
090 _a1276066
_c1276066
100 _a20070919d2003 |||y0rusy50 ca
101 1 _arus
_cfre
102 _aRU
105 _aa |||||||||
200 1 _aГеральдика
_e[геральдические образы. Фигуры геральдики]
_fМишель Пастуро
_g[пер. с фр. А. Кавтанская]
210 _aМосква
_cАстрель
_cАСТ
_d2003
215 _a144 с.
_cил., цв. ил., портр.
_d18
225 1 _aОткрытие
_iТрадиции
320 _aУказ.: с. 137-143
320 _aДр. произведения авт. на 10-й с.
606 1 _aГеральдика
_91188771
_3RU\NLR\auth\66161610
686 _aТ215
700 1 _4070
_7ca
_8rus
_aПастуро
_bМ.
_f1947-
_gМишель
_3RU\NLR\AUTH\770213444
_9213388
801 0 _aRU
_bNLR
_c20070919
_gRCR
801 1 _aRU
_bNLR
_c20070919
942 _cBOOK
980 _aNB